000 00391nam a2200133Ia 4500
008 100328s9999 xx 000 0 und d
082 _b64289
100 _aवैद्य संगीता.
245 _aगवसणी आकाशा.
260 _bमाुश्री.
630 _aगवसणी आकाशा.
730 _aगवसणी आकाशा.
942 _cBOOK
999 _c550087
_d550084